Účasť na transformácii majetku Druhá vlna kupónovej privatizácie ponúka zmeny
Možnosti zmeny privatizácie podniku v druhej vlne kupónovej privatizácie na Slovensku. Návrhy na privatizáciu podniku. Rozhodnutie o privatizácii podniku.
Na minha lista:
| Autor principal: | |
|---|---|
| Formato: | Capítulo de Livro |
| Idioma: | eslovaco |
| Assuntos: | |
| Tags: |
Sem tags, seja o primeiro a adicionar uma tag!
|
MARC
| LEADER | 00000naa a2200000 4500 | ||
|---|---|---|---|
| 001 | r015175 | ||
| 005 | 20221213114251.7 | ||
| 041 | 0 | |a slo | |
| 044 | |a SK | ||
| 245 | 1 | 0 | |a Účasť na transformácii majetku |b Druhá vlna kupónovej privatizácie ponúka zmeny |c J. Kerekeš |
| 520 | |a Možnosti zmeny privatizácie podniku v druhej vlne kupónovej privatizácie na Slovensku. Návrhy na privatizáciu podniku. Rozhodnutie o privatizácii podniku. | ||
| 610 | 2 | 0 | |a privatizácia |
| 610 | 2 | 0 | |a projekty |
| 610 | 2 | 0 | |a transformácia |
| 610 | 2 | 0 | |a Slovensko |
| 610 | 2 | 0 | |a podnik štátny |
| 610 | 2 | 0 | |a predpisy právne |
| 100 | 1 | |a Kerekeš, Juraj | |